Construction supply chain management : (Record no. 533179)
[ view plain ]
| 000 -LEADER | |
|---|---|
| fixed length control field | 03162cam a2200325 a 4500 |
| 001 - CONTROL NUMBER | |
| control field | 15514636 |
| 003 - CONTROL NUMBER IDENTIFIER | |
| control field | NUST |
| 005 - DATE AND TIME OF LATEST TRANSACTION | |
| control field | 20191213125130.0 |
| 008 - FIXED-LENGTH DATA ELEMENTS--GENERAL INFORMATION | |
| fixed length control field | 081107s2009 enka b 001 0 eng |
| 010 ## - LIBRARY OF CONGRESS CONTROL NUMBER | |
| LC control number | 2008047436 |
| 020 ## - INTERNATIONAL STANDARD BOOK NUMBER | |
| International Standard Book Number | 1405158441 (hbk. : alk. paper) |
| 020 ## - INTERNATIONAL STANDARD BOOK NUMBER | |
| International Standard Book Number | 9781405158442 (hbk. : alk. paper) |
| 035 ## - SYSTEM CONTROL NUMBER | |
| System control number | (OCoLC)ocn270231303 |
| 038 ## - RECORD CONTENT LICENSOR | |
| Staff Name | MSOHAIL |
| 040 ## - CATALOGING SOURCE | |
| Original cataloging agency | DLC |
| Transcribing agency | DLC |
| Modifying agency | YDXCP |
| -- | BWKUK |
| -- | BWK |
| -- | BWX |
| -- | CDX |
| -- | HEBIS |
| -- | CDN |
| -- | DLC |
| 050 00 - LIBRARY OF CONGRESS CALL NUMBER | |
| Classification number | TH438 |
| Item number | .C6425 2009 |
| 082 00 - DEWEY DECIMAL CLASSIFICATION NUMBER | |
| Classification number | 690.0687 |
| Edition number | 22 |
| 245 00 - TITLE STATEMENT | |
| Title | Construction supply chain management : |
| Remainder of title | concepts and case studies / |
| Statement of responsibility, etc. | edited by Stephen Pryke. |
| 260 ## - PUBLICATION, DISTRIBUTION, ETC. | |
| Place of publication, distribution, etc. | Chichester, UK ; |
| -- | Malden, MA : |
| Name of publisher, distributor, etc. | Wiley-Blackwell, |
| Date of publication, distribution, etc. | 2009. |
| 300 ## - PHYSICAL DESCRIPTION | |
| Extent | xii, 230 p. : |
| Other physical details | ill. ; |
| Dimensions | 25 cm. |
| 490 0# - SERIES STATEMENT | |
| Series statement | Innovation in the built environment |
| 504 ## - BIBLIOGRAPHY, ETC. NOTE | |
| Bibliography, etc. note | Includes bibliographical references and index. |
| 505 0# - FORMATTED CONTENTS NOTE | |
| Formatted contents note | ..Chapter One - Introduction * Aim and objectives of the book * Motivations and rationale * Definition of terms * Structure of the book .Chapter Two - Supply Chain Concepts. * Literature review * Philosophy or technique? * Symptoms of failure in identifying supply chain issues * Value chains * Contractual dilemmas * Links to partnering and clusters .Chapter Three - SCM Origins and Development. * Denning * Total Quality Management * Japanese motor manufacturing * Emergent ideas and techniques .Chapter Four - Structures. * Pre SCM project team structures * Structures for effective SCM * Public and private sector issues for SCM .Chapter Five - SCM and the UK construction industry. * Pre-Egan procurement * Emerging pressures for reform * Supply chain characteristics * Post-Egan supply chain initiatives * Building Down Barriers * Product development * Off-site manufacture * Lean construction * Sustainability issues (topical and related to waste) .Chapter Six - Effectiveness of construction networks. * Classification of networks * Competing and complimentary networks * Project governance * Effectiveness and appropriateness of financial incentives .Chapter Seven - Creating the conditions for SCM to add value. * Single point responsibility imperative * Integration of specialist expertise * Importance of design and design management * Knowledge management within supply chains .Chapter Eight - SCM Case studies. * Case studies dealing with the following areas: * Construction management * Developers and the principal contractor approach * Retailers * Design and Build * Turn-key approach * PFI .Chapter Nine - Future trends: speculative and deductive. * Procurement issues and SCM * Knowledge management networks: innovation and financial competitiveness * Continuous improvement techniques * SCM and profitability * Organisational network analysis and SCM .Chapter Ten - Summary and Conclusions. |
| 650 #0 - SUBJECT ADDED ENTRY--TOPICAL TERM | |
| Topical term or geographic name entry element | Construction industry |
| General subdivision | Management |
| Form subdivision | Case studies. |
| 9 (RLIN) | 26942 |
| 650 #0 - SUBJECT ADDED ENTRY--TOPICAL TERM | |
| Topical term or geographic name entry element | Business logistics |
| Form subdivision | Case studies. |
| 9 (RLIN) | 26943 |
| 700 1# - ADDED ENTRY--PERSONAL NAME | |
| Personal name | Pryke, Stephen. |
| 9 (RLIN) | 25869 |
| 906 ## - LOCAL DATA ELEMENT F, LDF (RLIN) | |
| a | 7 |
| b | cbc |
| c | orignew |
| d | 1 |
| e | ecip |
| f | 20 |
| g | y-gencatlg |
| 942 ## - ADDED ENTRY ELEMENTS (KOHA) | |
| Source of classification or shelving scheme | |
| Koha item type | Book |
| Withdrawn status | Lost status | Source of classification or shelving scheme | Damaged status | Not for loan | Permanent Location | Current Location | Date acquired | Total Checkouts | Full call number | Barcode | Date last seen | Price effective from | Koha item type |
|---|---|---|---|---|---|---|---|---|---|---|---|---|---|
| School of Civil and Environmental Engineering (SCEE) | School of Civil and Environmental Engineering (SCEE) | 12/13/2019 | 690.0687 | NIT-12919 | 12/13/2019 | 12/13/2019 | Book | ||||||
| School of Civil and Environmental Engineering (SCEE) | School of Civil and Environmental Engineering (SCEE) | 12/13/2019 | 690.0687 | NIT-12920 | 12/13/2019 | 12/13/2019 | Book |
